| 000 | 00764nam a22002417a 4500 | ||
|---|---|---|---|
| 005 | 20170124110213.0 | ||
| 010 | _a713293 | ||
| 020 | _c00.00 | ||
| 035 | _a713293 | ||
| 037 | _bCen Lib/Ret | ||
| 040 |
_aDPL _bEN |
||
| 082 |
_a709.54 _bRAY |
||
| 100 |
_aRay, Niharranjan _938596 |
||
| 245 |
_aIdea and image in Indian art / _cby Niharranjan Ray |
||
| 260 |
_aNew Delhi _bMunshiram Manoharlal Publishers _c1972 |
||
| 270 |
_a54 Rani Jhanshi Road _bNew Delhi _e110055 |
||
| 300 |
_a140p. : _c25cm(Hb) _bill. |
||
| 650 |
_aVisual perception _938597 |
||
| 650 |
_aArt -- Indic _925258 |
||
| 650 |
_aपुस्तकालय विज्ञान _938598 |
||
| 650 |
_aकैटलॉग नियम _91413 |
||
| 942 |
_2ddc _cEN _h709.54 _mRAY |
||
| 999 |
_c133674 _d133674 |
||